000 00682nam a2200277Ia 4500
005 20260324132024.0
008 008 260324s9999 xx 000 0 eng d
020 _a9781315221014
037 _aEBOOK
040 _aCRL
040 _beng
040 _cCRL
041 _2eng
041 _aeng
084 _qCRL
100 _aVencislav Cekov Valchev; Alex Van den Bossche
_91187740
245 0 _aInductors and Transformers for Power Electronics
260 _bTaylor and Francis
260 _c2005
365 _a
365 _b385
856 _uhttp://www.taylorfrancis.com/books/9781315221014
942 _cEBOOK
999 _c1785415
_d1785415